| 000 | 00627nam a2200253Ia 4500 | ||
|---|---|---|---|
| 008 | 210210b2010 xxu||||| |||| 00| 0 eng d | ||
| 020 | _a9788132104575 | ||
| 041 | _aeng | ||
| 082 | _a300.72 GUTB | ||
| 100 | _aGUTHRIE (Gerald) | ||
| 245 | _aBasic research methods: an entry to social science research | ||
| 260 |
_aNew Delhi _bSage Publications India Pvt. Limited. _c2010 |
||
| 300 | _axviii,221 | ||
| 650 | _ato | ||
| 650 | _asocial | ||
| 650 | _ascience | ||
| 650 | _aresearch | ||
| 650 | _amethods: | ||
| 650 | _aentry | ||
| 650 | _aBasic | ||
| 650 | _aan | ||
| 690 | _aSocial Research | ||
| 906 | _a064964 | ||
| 999 |
_c141848 _d141848 |
||